Statistics for Boundary Waters

Click here to take the quiz!

General Stats

  • This quiz has been taken 75,848 times
  • The average score is 14 of 20

Answer Stats

PlacesBody of Water% Correct
Florida - TexasGulf of {Mexico}
96%
Egypt - Saudi Arabia{Red} Sea
92%
Britain - France{English} Channel
91%
Ukraine - Turkey{Black} Sea
90%
Britain - Norway{North} Sea
82%
Saudi Arabia - Iran{Persian} Gulf
80%
Sweden - Estonia{Baltic} Sea
76%
India - MyanmarBay of {Bengal}
73%
Panama - Jamaica{Caribbean} Sea
72%
Kazakhstan - Iran{Caspian} Sea
72%
Greece - Turkey{Aegean} Sea
69%
Philippines - China{South} {China} Sea
69%
Italy - Croatia{Adriatic} Sea
68%
Alaska - Russia{Bering} Sea
67%
Ohio - OntarioLake {Erie}
67%
France - SpainBay of {Biscay}
58%
Manitoba - Quebec{Hudson} Bay
56%
Oman - India{Arabian} Sea
52%
New Zealand - Australia{Tasman} Sea
48%
Yemen - SomaliaGulf of {Aden}
38%

Score Distribution

Percentile by Number Answered

Percent of People with Each Score

Your Score History

You have not taken this quiz